000 00682nam a22002417a 4500
003 UA-OsUOA
001 38670
007 ta
008 20060518b un ||||| |||| 00| 0 ukr d
100 _aКурило В. І.
090 _a347.96
_bК93
942 _cBK
040 _aUA-OsUOA
_bukr
_cUA-OsUOA
_dUA-OsUOA
245 _aПравові засади охоронної діяльності
_bНавчальний посібник
300 _a182 с.
955 _a2
041 _aukr
080 _a347.96
020 _a966-8251-84-9
260 _aК.
_bКондор
_c2005
650 7 _a347 Цивільне право. Судовий устрій
_2UDC
999 _c324821
_d324821